[Event "Troisdorf op"]
[Site "Troisdorf"]
[Date "2004.12.14"]
[Round "7"]
[White "Vitz, Hans Joachim"]
[Black "Jonasson, Dieter"]
[Result "1/2-1/2"]
[WhiteElo "1785"]
[BlackElo "1413"]
[PlyCount "82"]
[EventDate "2004.11.02"]
[EventType "swiss"]
[EventRounds "7"]
[EventCountry "GER"]
[SourceTitle "EXT 2006"]
[Source "ChessBase"]
[SourceDate "2005.11.24"]
[SourceVersion "1"]
[SourceVersionDate "2005.11.24"]
[SourceQuality "1"]

1. c4 e5 2. Nc3 Nf6 3. Nf3 Nc6 4. g3 Bc5 5. Bg2 0-0 6. 0-0 Re8 7. e3 d6 8. d4 exd4 9. exd4 Bb6 10. Bg5 h6 11. Be3 a6 12. h3 Bd7 13. a3 Qc8 14. Kh2 Ne7 15. Re1 c6 16. Rc1 Nf5 17. Qd3 Nxe3 18. fxe3 Bc7 19. d5 c5 20. e4 Ba5 21. e5 Bf5 22. Qf1 Bxc3 23. Rxc3 dxe5 24. Nxe5 Bg6 25. Rce3 Qc7 26. Nxg6 Rxe3 27. Rxe3 fxg6 28. Qe2 Rd8 29. Re7 Rd7 30. Qe6+ Kh7 31. Rxd7 Qxd7 32. Qxd7 Nxd7 33. d6 b6 34. Bc6 Nf8 35. b4 Ne6 36. Kg2 g5 37. Kf2 Kg6 38. Ke3 Kf5 39. d7 Ke5 40. Ba4 Nd8 41. Kd3 Ne6 1/2-1/2

[Event "Troisdorf op"]
[Site "Troisdorf"]
[Date "2004.11.30"]
[Round "5"]
[White "Jonasson, Dieter"]
[Black "Schlueter, Juergen"]
[Result "1-0"]
[WhiteElo "1413"]
[BlackElo "1476"]
[PlyCount "87"]
[EventDate "2004.11.02"]
[EventType "swiss"]
[EventRounds "7"]
[EventCountry "GER"]
[SourceTitle "EXT 2006"]
[Source "ChessBase"]
[SourceDate "2005.11.24"]
[SourceVersion "1"]
[SourceVersionDate "2005.11.24"]
[SourceQuality "1"]

1. d4 Nf6 2. c4 g6 3. Nc3 Bg7 4. e4 0-0 5. Nf3 d6 6. Be2 Nbd7 7. Bg5 c5 8. dxc5 Nxc5 9. Bxf6 Bxf6 10. Qc2 b6 11. Nd5 Bg7 12. Rd1 e6 13. Ne3 Bb7 14. e5 d5 15. cxd5 exd5 16. 0-0 Rc8 17. b4 Ne6 18. Qb3 d4 19. Rd3 Bxf3 20. Bxf3 Bxe5 21. Bg4 Qf6 22. Nd5 Qh4 23. Bh3 Nf4 24. Nxf4 Qxf4 25. g3 Qh6 26. Bxc8 Rxc8 27. Rf3 Qg7 28. Rd3 Kh8 29. Qa4 f5 30. Qa3 Rc3 31. Rxc3 dxc3 32. Rd1 h6 33. Qa4 Bd4 34. Rd3 Qe5 35. Qd1 c2 36. Qxc2 Qe1+ 37. Kg2 Qe4+ 38. f3 Qe5 39. Qc8+ Kg7 40. Qd7+ Kf8 41. Qxd4 Qe2+ 42. Kh3 Qf1+ 43. Kh4 g5+ 44. Kh5 1-0

[Event "Troisdorf op"]
[Site "Troisdorf"]
[Date "2004.11.23"]
[Round "4"]
[White "Jonasson, Dieter"]
[Black "Bonus, Jonas"]
[Result "1/2-1/2"]
[WhiteElo "1413"]
[BlackElo "1110"]
[PlyCount "136"]
[EventDate "2004.11.02"]
[EventType "swiss"]
[EventRounds "7"]
[EventCountry "GER"]
[SourceTitle "EXT 2006"]
[Source "ChessBase"]
[SourceDate "2005.11.24"]
[SourceVersion "1"]
[SourceVersionDate "2005.11.24"]
[SourceQuality "1"]

1. e4 e5 2. Nf3 d6 3. Bc4 Nc6 4. d3 h6 5. Nc3 Nf6 6. Be3 Be6 7. Bxe6 fxe6 8. h3 d5 9. exd5 exd5 10. Ne2 d4 11. Bd2 Qd5 12. 0-0 0-0-0 13. Ng3 Re8 14. Re1 Bd6 15. Ne4 Nxe4 16. Rxe4 Rhf8 17. c4 dxc3 18. Bxc3 Rf5 19. Nh4 Rf6 20. Qg4+ Qe6 21. Qxe6+ Rexe6 22. Rae1 h5 23. d4 g5 24. dxe5 Nxe5 25. Bxe5 Bxe5 26. Rxe5 Rxe5 27. Rxe5 gxh4 28. Rxh5 Re6 29. Kf1 Rc6 30. Rxh4 Rc1+ 31. Ke2 Rc2+ 32. Ke3 Rxb2 33. a4 Rb3+ 34. Kf4 Rb4+ 35. Kg5 c5 36. Rh6 Rxa4 37. Re6 b5 38. Rc6+ Kb7 39. Rxc5 Kb6 40. Rc2 Rd4 41. f4 b4 42. f5 Rd5 43. Kg6 Rd6+ 44. f6 a5 45. Kg7 a4 46. f7 Rd8 47. Re2 a3 48. Re8 Rd7 49. Rb8+ Kc5 50. Rc8+ Kb5 51. Kg8 Rxf7 52. Kxf7 b3 53. g4 Kb4 54. Rb8+ Kc3 55. h4 b2 56. Rc8+ Kb3 57. Rb8+ Ka2 58. g5 b1Q 59. Rxb1 Kxb1 60. g6 a2 61. h5 a1Q 62. g7 Qa7+ 63. Kg8 Qc5 64. h6 Qc8+ 65. Kh7 Qf5+ 66. Kh8 Qf6 67. h7 Kc2 68. Kg8 Qd8+ 1/2-1/2

[Event "Troisdorf op"]
[Site "Troisdorf"]
[Date "2004.11.16"]
[Round "3"]
[White "Moews, Thomas"]
[Black "Jonasson, Dieter"]
[Result "1-0"]
[WhiteElo "1732"]
[BlackElo "1413"]
[PlyCount "37"]
[EventDate "2004.11.02"]
[EventType "swiss"]
[EventRounds "7"]
[EventCountry "GER"]
[SourceTitle "EXT 2006"]
[Source "ChessBase"]
[SourceDate "2005.11.24"]
[SourceVersion "1"]
[SourceVersionDate "2005.11.24"]
[SourceQuality "1"]

1. e4 c5 2. f4 d6 3. Nf3 e6 4. c4 Nc6 5. Nc3 g6 6. d4 cxd4 7. Nxd4 Bg7 8. Be3 Nge7 9. Ndb5 Bxc3+ 10. Nxc3 a6 11. Bd3 Bd7 12. 0-0 Nb4 13. Bb1 Qc7 14. a3 Nbc6 15. Bd3 f5 16. exf5 Nxf5 17. Bxf5 exf5 18. Nd5 Qa5 19. Bb6 1-0